[Event "19th Delhi GM Open 2022"]
[Site "Delhi"]
[Date "2022.03.29"]
[Round "10.8"]
[White "Arjun Kalyan"]
[Black "Srihari L R"]
[Result "1/2-1/2"]
[WhiteElo "2506"]
[BlackElo "2400"]
[Annotator "TA"]
[PlyCount "61"]
[EventDate "2022.03.22"]
[EventType "swiss"]
[EventCountry "IND"]
[SourceTitle "playchess.com"]
[Source "ChessBase"]
[SourceQuality "1"]

{[%evp 9,61,10,11,10,8,11,6,0,0,0,0,0,0,-10,10,0,0,-12,0,0,0,-2,14,10,7,14,21,0,0,-33,-32,-64,-64,-64,-52,-64,-71,-71,-71,-71,-64,-64,-64,-64,-64,-64,-64,-64,-64,-64,-64,-64,-64,-64]} 1. e4 {[%cal Be2e4,Be4e5][%mdl 32]} c6 2. d4 d5 3. e5 Bf5 4. h4 h5 5. Bd3 Bxd3 6. Qxd3 {[%cal Oe5e6] Black should prevent e6! B12: Caro-Kann: Advance Variation.} Qa5+ 7. Nd2 {[%cal Oe5e6] e6! is the strong threat.} e6 $1 8. Ngf3 {The position is equal.} Qa6 9. c4 Nh6 10. O-O Nf5 11. b3 Bb4 12. a4 c5 13. Qb1 {[#]} Nc6 $146 ({Predecessor:} 13... Nxd4 14. Nxd4 cxd4 15. cxd5 exd5 16. Nf3 Qg6 17. Qxg6 fxg6 18. Bb2 Nc6 19. Nxd4 Nxd4 20. Bxd4 {½-½ (45) Praggnanandhaa,R (2612)-Keymer,V (2664) chess24.com INT 2022}) 14. dxc5 {[#] Strongly threatening cxd5.} Rd8 15. Ba3 Bxa3 16. Rxa3 {[%cal Ba1a3,Ba3b3,Bb3b7][%mdl 32] Hoping for b4.} Qa5 {[%cal Of5h4]} 17. b4 Qxb4 18. Rb3 Qxa4 ({Resist} 18... Qxc5 19. Rb5 Qa3 20. cxd5 $18 (20. Rxb7 O-O $11)) 19. Rxb7 dxc4 {[%cal Bd5c4,Bc4c3][%mdl 32] White must now prevent ...c3.} 20. Ne4 {aiming for Nd6+.} O-O 21. Nd6 c3 $1 {And now ...c2 would win.} 22. Nxf5 exf5 23. Qb3 ({Don't blunder} 23. Qxf5 $2 Rd1 24. Rb1 {[#]} (24. Ng5 $2 Rxf1+ 25. Kh2 g6 $19) 24... g6 $1 $19 {[%mdl 512]}) 23... Qxb3 24. Rxb3 Rfe8 25. Rxc3 {Black is slightly better.} Nxe5 26. Nxe5 Rxe5 $15 {KRR-KRR} 27. c6 Re7 28. c7 Rc8 29. Rfc1 a5 30. g3 g6 31. Kg2 {Weighted Error Value: White=0.06 (flawless) /Black=0.02 (flawless)} 1/2-1/2

[Event "19th Delhi GM Open 2022"]
[Site "Delhi"]
[Date "2022.03.29"]
[Round "10.9"]
[White "Harshavardhan G B"]
[Black "Mirzoev, Azer"]
[Result "*"]
[WhiteElo "2402"]
[BlackElo "2468"]
[Annotator "ChessBase"]
[PlyCount "29"]
[EventDate "2022.03.22"]
[EventType "swiss"]
[EventCountry "IND"]
[SourceTitle "playchess.com"]
[Source "ChessBase"]
[SourceQuality "1"]
[TimeControl "5400+30"]

1. e4 {[%emt 0:00:17]} e5 {[%emt 0:03:26]} 2. Nf3 {[%emt 0:00:32]} Nc6 {[%emt 0:00:05]} 3. Bb5 {[%emt 0:00:25]} a6 {[%emt 0:00:07]} 4. Ba4 {[%emt 0:00:06]} d6 {[%emt 0:00:13]} 5. O-O {[%emt 0:00:08]} Bd7 {[%emt 0:00:05]} 6. d4 {[%emt 0:00:06]} Nf6 {[%emt 0:00:40]} 7. Bxc6 {[%emt 0:01:44]} Bxc6 {[%emt 0:00:08]} 8. Re1 {[%emt 0:00:05]} Be7 {[%emt 0:00:32]} 9. Nc3 {[%emt 0:00:05]} exd4 {[%emt 0:01:30]} 10. Nxd4 {[%emt 0:00:06]} Bd7 {[%emt 0:00:07]} 11. Qf3 {[%emt 0:00:09]} O-O {[%emt 0:00:14]} 12. Nf5 {[%emt 0:03:14]} Bxf5 {[%emt 0:00:19]} 13. exf5 {[%emt 0:03:11]} c6 {[%emt 0:00:26]} 14. Bg5 {[%emt 0:00:25]} h6 {[%emt 0:03:01]} 15. Bh4 {[%emt 0:03:29]} *

[Event "19th Delhi GM Open 2022"]
[Site "Delhi"]
[Date "2022.03.29"]
[Round "10.11"]
[White "Utsab Chatterjee"]
[Black "Rios, Cristhian Camilo"]
[Result "1/2-1/2"]
[WhiteElo "2321"]
[BlackElo "2449"]
[Annotator "TA"]
[PlyCount "69"]
[EventDate "2022.03.22"]
[EventType "swiss"]
[EventCountry "IND"]
[SourceTitle "playchess.com"]
[Source "ChessBase"]
[SourceQuality "1"]

{[%evp 14,69,39,17,12,8,13,8,13,10,10,0,0,0,0,0,0,0,0,0,0,0,8,12,4,12,8,10,2,17,13,20,27,27,25,16,39,33,26,9,58,22,62,16,39,3,3,0,1,7,8,8,8,3,64,0,0,0]} 1. e4 c5 2. Nf3 Nc6 3. c4 e6 4. Nc3 Nge7 5. d4 Nxd4 6. Nxd4 cxd4 7. Qxd4 Nc6 8. Qd1 Bc5 {B40: Sicilian: 2...e6, Unusual lines.} 9. Be2 O-O 10. O-O d6 11. a3 e5 {[#]} 12. Kh1 $146 ({Predecessor:} 12. Nd5 Be6 13. b4 Bd4 14. Rb1 a5 15. b5 Bxd5 16. cxd5 Nb8 17. Bg4 Nd7 18. Bxd7 Qxd7 {½-½ (35) Siniauski,A (2275)-Grachev,B (2612) Chess.com INT 2020}) 12... Be6 13. f4 exf4 14. Bxf4 Bd4 15. Qd2 Be5 16. Nb5 {Inhibits Nd4.} Qe7 17. Nxd6 Rad8 18. c5 b6 $1 19. Bxe5 Nxe5 20. b4 {[%cal Bb2b4,Bb4c5,Bc5c6][%mdl 32]} bxc5 21. bxc5 Nd7 $1 22. Nb7 $36 {[%mdl 2048] [#] c6 is the strong threat. Black is under pressure.} Rb8 23. c6 {Threatens to win with Qb4.} Ne5 24. Na5 Rb6 25. Qc3 Qc7 {[%cal Re5c6]} 26. Rac1 f6 (26... Rd8 $11 {might be stronger.}) 27. h3 Rc8 28. Rc2 (28. Qc5 $14 {feels stronger.}) 28... Nxc6 {[%cal Be5c6,Bc6e7,Be7c8,Bc8d6][%mdl 32]} 29. Rfc1 {[%cal Ra5c6]} (29. Bg4 $5 {[%cal Rg4e6]} Qd7 30. Rfc1 $14) 29... Qf4 {[#] White must now prevent ...Nxa5.} 30. Qf3 Qxf3 31. Bxf3 {[%cal Ra5c6]} Ne7 32. Rxc8+ Nxc8 33. Rc7 a6 (33... Nd6 $11) 34. Nc6 {White is more active.} (34. e5 $1 $14) 34... Nd6 $1 $11 35. Nd4 {Weighted Error Value: White=0.10 (very precise) /Black=0.09 (flawless)} 1/2-1/2

[Event "19th Delhi GM Open 2022"]
[Site "Delhi"]
[Date "2022.03.29"]
[Round "10.12"]
[White "Vignesh N R"]
[Black "Bharat Kumar Reddy Poluri"]
[Result "*"]
[WhiteElo "2444"]
[BlackElo "2263"]
[Annotator "ChessBase"]
[PlyCount "20"]
[EventDate "2022.03.22"]
[EventType "swiss"]
[EventCountry "IND"]
[SourceTitle "playchess.com"]
[Source "ChessBase"]
[SourceQuality "1"]
[TimeControl "5400+30"]

1. e4 {[%emt 0:00:03]} e6 {[%emt 0:06:05]} 2. d4 {[%emt 0:00:06]} d5 {[%emt 0:00:13]} 3. Nd2 {[%emt 0:00:06]} c5 {[%emt 0:00:20]} 4. Ngf3 {[%emt 0:00:46]} cxd4 {[%emt 0:00:58]} 5. Nxd4 {[%emt 0:01:00]} Nc6 {[%emt 0:00:44]} 6. Bb5 {[%emt 0:00:17]} Bd7 {[%emt 0:00:05]} 7. Nxc6 {[%emt 0:00:05]} bxc6 {[%emt 0:00:56]} 8. Bd3 {[%emt 0:00:03]} Qc7 {[%emt 0:00:08]} 9. Qe2 {[%emt 0:00:33]} Ne7 {[%emt 0:00:19]} 10. O-O {[%emt 0:07:23]} Ng6 {[%emt 0:00:33]} *

[Event "19th Delhi GM Open 2022"]
[Site "Delhi"]
[Date "2022.03.29"]
[Round "10.13"]
[White "Divya Deshmukh"]
[Black "Laxman, R.R."]
[Result "*"]
[WhiteElo "2301"]
[BlackElo "2429"]
[Annotator "ChessBase"]
[PlyCount "22"]
[EventDate "2022.03.22"]
[EventType "swiss"]
[EventCountry "IND"]
[SourceTitle "playchess.com"]
[Source "ChessBase"]
[SourceQuality "1"]
[TimeControl "5400+30"]

1. d4 {[%emt 0:02:08]} Nf6 {[%emt 0:07:30]} 2. Nf3 e6 {[%emt 0:00:11]} 3. Bf4 {[%emt 0:00:12]} b6 {[%emt 0:00:16]} 4. e3 {[%emt 0:00:07]} Bb7 {[%emt 0:00:06]} 5. h3 {[%emt 0:00:06]} g6 {[%emt 0:00:44]} 6. Bd3 {[%emt 0:00:56]} Bg7 {[%emt 0:00:08]} 7. O-O {[%emt 0:00:26]} O-O {[%emt 0:00:06]} 8. c4 {[%emt 0:00:11]} d5 {[%emt 0:02:26]} 9. Nc3 {[%emt 0:00:24]} dxc4 {[%emt 0:00:48]} 10. Bxc4 {[%emt 0:00:07]} a6 {[%emt 0:00:07]} 11. a4 {[%emt 0:03:24]} Nbd7 {[%emt 0:05:02]} *

[Event "19th Delhi GM Open 2022"]
[Site "Delhi"]
[Date "2022.03.29"]
[Round "10.14"]
[White "Nitin, S.."]
[Black "Rohith Krishna S"]
[Result "0-1"]
[WhiteElo "2427"]
[BlackElo "2304"]
[Annotator "TA"]
[PlyCount "124"]
[EventDate "2022.03.22"]
[EventType "swiss"]
[EventCountry "IND"]
[SourceTitle "playchess.com"]
[Source "ChessBase"]
[SourceQuality "1"]

{[%evp 17,124,-31,-50,-52,8,12,2,12,8,6,8,8,6,9,27,29,34,27,36,29,27,40,54,0,0,0,0,0,49,23,13,14,34,0,24,0,0,0,0,0,95,-13,-14,-20,0,0,0,-20,-14,-20,-26,-14,-12,-68,-17,-163,-163,-162,-156,-307,-302,-305,-294,-290,-256,-348,-326,-333,-307,-364,-258,-402,-389,-354,-320,-306,-288,-377,-390,-389,-383,-452,-452,-562,-392,-680,-680,-677,-529,-622,-535,-627,-527,-480,-457,-471,-437,-767,-692,-555,-508,-1189,-1153,-5397,-5389,-6083,-5989,-1124,-572]} 1. e4 e5 2. Nf3 Nc6 3. Bc4 Bc5 4. O-O Nf6 5. d4 Bxd4 6. Nxd4 Nxd4 7. f4 d6 8. fxe5 dxe5 9. Bg5 Qe7 10. Na3 {C50: Hungarian Defence and Giuoco Pianissimo.} Be6 (10... Rg8 $15) 11. c3 $11 Bxc4 12. Bxf6 {The position is equal.} gxf6 13. Nxc4 Ne6 14. b4 {To avoid Qc5+} Rg8 15. Ne3 Nf4 16. Kh1 Qe6 17. Qa4+ (17. g3 $2 Rxg3 $3 {[%mdl 512]} 18. Nf5 (18. Qa4+ $2 Kf8 $19) 18... Rg5 $19) 17... Qd7 18. Qxd7+ Kxd7 19. g3 Nh5 20. Rad1+ ({White should try} 20. Rf5 $14 Rg5 21. Rd1+ Ke8 22. Nd5 Rxf5 23. Nxc7+ Ke7 24. exf5) 20... Ke6 $1 21. Nd5 Rac8 22. Rf5 Rg5 {[#]} (22... c6 $1 $11 23. Rxh5 (23. Ne3 Ng7 $15) 23... cxd5 24. exd5+ Ke7) 23. c4 $146 {[%mdl 1024] White has compensation.} (23. Kg2 $5 {[%cal Rh2h4]}) ({Predecessor:} 23. g4 c6 24. Rxg5 fxg5 25. Ne3 Ng7 26. Nc4 f6 27. a4 Ne8 28. a5 Ke7 29. Ne3 Nd6 30. c4 {½-½ (42) Stedile Neto,E (1800)-Rothebarth,A (2058) Curitiba 2016}) 23... c6 (23... Rxf5 $2 24. exf5+ Kxf5 25. Ne7+ Ke6 26. Nxc8 $18) 24. Ne3 {Hoping for Rxg5.} Rc7 (24... Rxf5 {is a self mate.} 25. Nxf5) 25. Rf2 {aiming for Nf5.} Rd7 26. Rfd2 Rxd2 27. Rxd2 {[%mdl 4096] Endgame KRN-KRN} Ng7 $1 28. g4 {Inhibits f5. Black must now prevent Rd8.} h5 (28... Ke7 $1 $11) 29. h3 (29. h4 $16 Rxg4 30. Nxg4 hxg4 31. Rd8) 29... Ke7 30. b5 Rg6 31. bxc6 bxc6 32. Kh2 hxg4 33. hxg4 Rh6+ 34. Kg3 Rh8 35. Rb2 (35. Rd3 $11) 35... Rd8 (35... Kd6 $15 36. Rb7 Rh7 37. Nf5+ (37. Rxa7 Kc5 $17) 37... Nxf5+ 38. exf5 a5) 36. Rb7+ {Now White is beyond hope.} (36. Nf5+ $1 $11 Nxf5+ 37. gxf5) 36... Rd7 $19 37. Rb8 {[#]} Kd6 38. a4 $2 (38. Nf5+ $17 {was necessary.} Nxf5+ 39. exf5) 38... Ne6 39. a5 Ng5 40. Nf5+ Kc7 41. Ra8 Kb7 42. Re8 Nxe4+ 43. Kg2 Rc7 44. Rd8 (44. Kf3 $142 Nd2+ 45. Ke2) 44... Ka6 45. Kf3 Ng5+ 46. Ke3 Kxa5 47. Rb8 Rd7 48. Rb2 Ne6 49. Ng3 Nc5 50. Nh5 Rd6 51. Rf2 $2 (51. Rb8) 51... Kb4 {Black is clearly winning.} 52. Nxf6 Rd3+ 53. Ke2 Kxc4 54. Nh7 Rg3 55. Rxf7 Rxg4 {...a5 is the strong threat.} 56. Rxa7 Kd4 57. Rc7 (57. Nf6 $142 Rg2+ 58. Kf1) 57... Rg2+ 58. Kf3 Rg6 {And now ...e4+ would win.} 59. Rc8 (59. Re7 $142) 59... Ne6 60. Kf2 Rh6 61. Re8 Rxh7 62. Rxe6 c5 {Weighted Error Value: White=0.40/Black=0.20 (precise)} 0-1